000 00811nam a2200277Ia 4500
001 Para_6564
003 CHAP
008 220125s1985 xx 000 0 und d
010 _a205441
040 _cCHAP
090 _aPA FOLLETO 566
110 _aInstitut National de la Recherche Agronomique (Francia)
_9171453
245 _aL'utilisation des trichogrammes dans la limitation des deats de chenilles /
_c by Institut National de la Recherche Agronomique
260 _aParis :
_b INRA
300 _a1 p.
650 _aLepidopteros
_966252
650 _aOrugas
_984152
650 _aTrichogramma
_9114927
901 _aPA FOLLETO 566
902 _aA
905 _a0000001985 0000000000 00
910 _a1985
942 _cPARA
942 _cPARA
_d1
999 _c205441
_d205441